00656nam a2200241 a 4500001001300000003000900013005001700022008004100039020001000080082001700090100002000107245001800127260003000145300000900175500003500184505001000219650001700229700002000246902000800266942000700274952011800281999001500399nice12345678IN_TiNIC20260116012341.0050524s1991 dela grp 000 0 eng  ac80000a954.025bIRV aIrving, William aLater Mughals aDelhibAtlantic Pubc1991 a392p aincludes index and biblioraphy2 aIndex aMughal India1 aIrving, William bSRS cBK 001040708StackRoom-aHMIbHMId2007-04-04g800.00l0o954.025 IRVp014497r2007-04-04v800.00w2005-05-24yBK c6657d6657